| 000 | 00722nam a22001817a 4500 | ||
|---|---|---|---|
| 999 |
_c59491 _d59491 |
||
| 003 | Ge_BSU | ||
| 005 | 20230228165523.0 | ||
| 008 | 230228s1995 ge ||||| |||| 00| 0 geo d | ||
| 041 | _ageo | ||
| 080 | _a343.98(042.4) ფ-32 | ||
| 100 |
_aფაფიაშვილი, შოთა _93829 |
||
| 245 |
_aკრიმინალისტიკა : _b[წ.] 1, დანაშაულთა გახსნის ტაქტიკა და მეთოდიკა : (ლექციების კურსი). |
||
| 264 |
_aთბილისი, _c1995. |
||
| 300 |
_a299 გვ.; _b20 სმ. |
||
| 653 | _aკრიმინალისტიკა | ||
| 653 | _aსამართალი | ||
| 942 |
_2udc _cBK |
||